Star Wars: The Empire Strikes Back Quotes - Statistics

General Stats
  • This quiz has been taken 39 times
  • The average score is 9 of 10
Answer Stats
Quote Character % Correct
Join me, and together we can rule the galaxy as father and son. Darth Vader
100%
I had no choice. They arrived right before you did. I'm sorry. Lando
100%
Do... or do not. There is no try. Yoda
100%
Luke! Don't give in to hate. That leads to the Dark Side. Ben Obi-Wan Kenobi
97%
YOUR ship? Hey, remember you lost her to me, fair and square. Han Solo
97%
I'm terribly sorry about all this. After all, he's only a Wookiee! C-3PO
92%
I have a bad feeling about this... Leia Organa
92%
You'll find I'm full of surprises. Luke Skywalker
92%
There is a great disturbance in the Force. Emperor Palpatine
75%
Bounty hunters. We don't need that scum. Admiral Piett
44%
No matching quizzes found
Score Distribution
Percent of People with Each Score
Percentile by Number Answered
Your Score History
You have not taken this quiz